000 00285nam a22001337a 4500
008 181018b xxu||||| |||| 00| 0 eng d
020 _a9780827377790
041 _aeng
080 _a591
100 _a9
101 _aZOO
245 _aAnimal Science
_cGillespe.J
942 _2udc
_cBK
999 _c50105
_d50105